000 00731nam a2200241 i 4500
001 bg
003 BPK
005 20200425175343.0
008 990909s1984 pl f f |000 0 pol
040 _cBPK
041 _apol
080 _a631.3
080 _a(075.8)
100 1 _aKuczewski, Józef
_d(1925-2002)
_eAutor
245 1 0 _aBudowa i regulacja maszyn rolniczych /
_cJózef Kuczewski.
250 _aWyd. 3 uzup.
260 _aWarszawa :
_bPWN,
_c1984.
300 _a419, [1] s. :
_brys. ;
_c24 cm.
655 4 _aPodręczniki akademickie
650 4 _aMaszyny i narzędzia rolnicze
856 _uhttp://koha.tu.koszalin.pl/cgi-bin/koha/opac-detail.pl?biblionumber=2452
_yKatalog online BPK
942 _cKS
_2UKD
999 _c2452
_d2452